000 00664nam a22002177a 4500
003 UA-OsUOA
001 105081
007 ta
008 20140211b un ||||| |||| 00| 0 ukr d
100 _aБєлов В.Т.
090 _a330(477)
_bБ57
942 _cSA
040 _aUA-OsUOA
_bukr
_cUA-OsUOA
_dUA-OsUOA
245 _aНовий вид інтегрального статистичного індексу і методи його обчислення
300 _aС.4-8
955 _a0
041 _aukr
080 _a330(477)
773 0 _w105080
_tСтатистика України
_dК.
_d2013
_g4
650 7 _a330 Економіка взагалі
_2UDC
999 _c390846
_d390846